| 000 | 00937nam a22001937a 4500 | ||
|---|---|---|---|
| 999 |
_c61973 _d61973 |
||
| 003 | Ge_BSU | ||
| 005 | 20240618115733.0 | ||
| 008 | 240618s1955 ge ||||| |||| 00| 0 geo d | ||
| 041 | _ageo | ||
| 080 | _a615.83(075.8) ნ-78 | ||
| 100 |
_aნოდია, მ. _922473 |
||
| 245 |
_aზოგადი ფიზიოთერაპია და კურორტოლოგია : _bსახელმძღვ. სამედ. ინ-ტის სტუდენტებისათვის / _cმ. ნოდია; რედ. ვ. გოგიბედაშვილი. |
||
| 264 |
_aთბ. : _bსაქმედგამი, _c1955. |
||
| 300 |
_a312 გვ. : _bილ. ; _c22 სმ. |
||
| 653 | _a ფიზიოთერაპია | ||
| 653 | _aკურორტოლოგია | ||
| 700 |
_aგოგიბედაშვილი, ვ. _eრედაქტორი _922474 |
||
| 942 |
_2udc _cᲬᲘᲒᲜᲘ |
||